MARC details
| 000 -CABECERA |
| campo de control de longitud fija |
02730nam a2200481Ia 4500 |
| 001 - NÚMERO DE CONTROL |
| campo de control |
dia_4918 |
| 003 - IDENTIFICADOR DEL NÚMERO DE CONTROL |
| campo de control |
CHAP |
| 005 - FECHA Y HORA DE LA ÚLTIMA TRANSACCIÓN |
| campo de control |
20240408082434.0 |
| 007 - CAMPO FIJO DE DESCRIPCIÓN FÍSICA--INFORMACIÓN GENERAL |
| campo de control de longitud fija |
ta |
| 008 - DATOS DE LONGITUD FIJA--INFORMACIÓN GENERAL |
| campo de control de longitud fija |
220117s2010 mx ade f 001 0 spa d |
| 040 ## - FUENTE DE LA CATALOGACIÓN |
| Centro/agencia transcriptor |
CHAP |
| Centro catalogador/agencia de origen |
mxchpua |
| 090 ## - LOCALMENTE ASIGNADO TIPO-LC NÚMERO DE CLASIFICACIÓN (OCLC); NÚMERO DE CLASIFICACIÓN LOCAL (RLIN) |
| Número de clasificación (OCLC) (R) ; Numero de clasificación, CALL (RLIN) (NR) |
T.C.553 |
| Número cutter local (OCLC) ; Número de libro/Signatura topográfica íntegra, CALL (RLIN) |
S99 EIUPA |
| Año |
2010 |
| 245 10 - MENCIÓN DE TÍTULO |
| Título |
Hielo y Congelación del Pacífico, S.A. de C.V. / |
| Mención de responsabilidad, etc. |
coordinadora Rosa Guadalupe Szymanski Duque ; colaboradores Jessica Aguilar Villarreal...[y otros] |
| 260 ## - PUBLICACIÓN, DISTRIBUCIÓN, ETC. |
| Lugar de publicación, distribución, etc. |
México : |
| Nombre del editor, distribuidor, etc. |
El autor, |
| Fecha de publicación, distribución, etc. |
2010 |
| 300 ## - DESCRIPCIÓN FÍSICA |
| Extensión |
79 hojas : |
| Otras características físicas |
ilustraciones, tablas, gráficas, mapas, planos |
| 336 ## - TIPO DE CONTENIDO |
| Fuente |
rdacontent |
| Término de tipo de contenido |
Texto |
| Código de tipo de contenido |
txt |
| 337 ## - TIPO DE MEDIO |
| Fuente |
rdamedia |
| Nombre/término del tipo de medio |
no mediado |
| Código del tipo de medio |
n |
| 338 ## - TIPO DE SOPORTE |
| Fuente |
rdacarrier |
| Nombre/término del tipo de soporte |
volumen |
| Código del tipo de soporte |
nc |
| 500 ## - NOTA GENERAL |
| Nota general |
Grado: 7° año Grupo: 04 |
| 502 ## - NOTA DE TESIS |
| Nota de tesis |
Viaje de estudios |
| Tipo de título |
(EIUPA) -- |
| Nombre de la institución que otorga el título |
UACh. Departamento de Ingeniería Agroindustrial, |
| Año de obtención del título |
2012 |
| 504 ## - NOTA DE BIBLIOGRAFÍA, ETC. |
| Nota de bibliografía, etc. |
Bibliografía: hoja 79 |
| 505 00 - NOTA DE CONTENIDO CON FORMATO |
| Nota de contenido con formato |
7 planos : --<br/>1.Plano de distribución de equipos (Esc. 1:100) --<br/>2.Diagrama de flujo --<br/>3.Diagrama de flujo (2) --<br/>4.Diagrama de recorrido de hielo y purificación de agua (Esc. 1:100) --<br/>5.Diagrama de tubería e instrumentación DTI (Esc. 1:100) --<br/>6.Diagrama de tubería e instrumentación embotelladora de agua --<br/>7.Plano de distribución de áreas (Esc. 1:100) |
| 650 13 - PUNTO DE ACCESO ADICIONAL DE MATERIA--TÉRMINO DE MATERIA |
| Término de materia o nombre geográfico como elemento de entrada |
Agua embotellada |
| 9 (RLIN) |
157037 |
| 650 13 - PUNTO DE ACCESO ADICIONAL DE MATERIA--TÉRMINO DE MATERIA |
| Término de materia o nombre geográfico como elemento de entrada |
Hielo |
| 9 (RLIN) |
55288 |
| 650 13 - PUNTO DE ACCESO ADICIONAL DE MATERIA--TÉRMINO DE MATERIA |
| Término de materia o nombre geográfico como elemento de entrada |
Bottled water |
| 9 (RLIN) |
157038 |
| 650 13 - PUNTO DE ACCESO ADICIONAL DE MATERIA--TÉRMINO DE MATERIA |
| Término de materia o nombre geográfico como elemento de entrada |
Ice |
| 9 (RLIN) |
157039 |
| 700 1# - PUNTO DE ACCESO ADICIONAL--NOMBRE DE PERSONA |
| Nombre de persona |
Szymanski Duque, Rosa Guadalupe |
| 9 (RLIN) |
151434 |
| Término indicativo de función/relación |
coordinadora |
| 700 1# - PUNTO DE ACCESO ADICIONAL--NOMBRE DE PERSONA |
| Nombre de persona |
Aguilar Villarreal, Jessica |
| 9 (RLIN) |
2875 |
| Término indicativo de función/relación |
colaboradora |
| 856 42 - LOCALIZACIÓN Y ACCESO ELECTRÓNICOS |
| Identificador Uniforme del Recurso |
<a href="http://10.13.5.2/ve/TC553EIUPA/TC553EIUPA2010-REPORTE.pdf">http://10.13.5.2/ve/TC553EIUPA/TC553EIUPA2010-REPORTE.pdf</a> |
| Texto de enlace |
DESCARGAR REPORTE |
| 856 42 - LOCALIZACIÓN Y ACCESO ELECTRÓNICOS |
| Identificador Uniforme del Recurso |
<a href="http://10.13.5.2/ve/TC553EIUPA/TC553EIUPA2010-PLANO-DTIEMBOTELLADORADEAGUA.pdf">http://10.13.5.2/ve/TC553EIUPA/TC553EIUPA2010-PLANO-DTIEMBOTELLADORADEAGUA.pdf</a> |
| Texto de enlace |
DESCARGAR PLANO DTI EMBOTELLADORA DE AGUA |
| 856 42 - LOCALIZACIÓN Y ACCESO ELECTRÓNICOS |
| Identificador Uniforme del Recurso |
<a href="http://10.13.5.2/ve/TC553EIUPA/TC553EIUPA2010-PLANO-DTIHIELERA.pdf">http://10.13.5.2/ve/TC553EIUPA/TC553EIUPA2010-PLANO-DTIHIELERA.pdf</a> |
| Texto de enlace |
DESCARGAR PLANO DTI HIELERA |
| 856 42 - LOCALIZACIÓN Y ACCESO ELECTRÓNICOS |
| Identificador Uniforme del Recurso |
<a href="http://10.13.5.2/ve/TC553EIUPA/TC553EIUPA2010-PLANO-DISTRIBUCIONDEEQUIPOS.pdf">http://10.13.5.2/ve/TC553EIUPA/TC553EIUPA2010-PLANO-DISTRIBUCIONDEEQUIPOS.pdf</a> |
| Texto de enlace |
DESCARGAR PLANO DISTRIBUCIÓN DE EQUIPOS |
| 856 42 - LOCALIZACIÓN Y ACCESO ELECTRÓNICOS |
| Identificador Uniforme del Recurso |
<a href="http://10.13.5.2/ve/TC553EIUPA/TC553EIUPA2010-PLANO-DISTRIBUCIONDEAREAS.pdf">http://10.13.5.2/ve/TC553EIUPA/TC553EIUPA2010-PLANO-DISTRIBUCIONDEAREAS.pdf</a> |
| Texto de enlace |
DESCARGAR PLANO DISTRIBUCIÓN DE ÁREAS |
| 856 42 - LOCALIZACIÓN Y ACCESO ELECTRÓNICOS |
| Identificador Uniforme del Recurso |
<a href="http://10.13.5.2/ve/TC553EIUPA/TC553EIUPA2010-PLANO-FLUJOAGUACORREGIDO.pdf">http://10.13.5.2/ve/TC553EIUPA/TC553EIUPA2010-PLANO-FLUJOAGUACORREGIDO.pdf</a> |
| Texto de enlace |
DESCARGAR PLANO DE FLUJO DE AGUA CORREGIDO |
| 856 42 - LOCALIZACIÓN Y ACCESO ELECTRÓNICOS |
| Identificador Uniforme del Recurso |
<a href="http://10.13.5.2/ve/TC553EIUPA/TC553EIUPA2010-PLANO-DIAGRAMARECORRIDO.pdf">http://10.13.5.2/ve/TC553EIUPA/TC553EIUPA2010-PLANO-DIAGRAMARECORRIDO.pdf</a> |
| Texto de enlace |
DESCARGAR PLANO DE DIAGRAMA DE RECORRIDO |
| 856 42 - LOCALIZACIÓN Y ACCESO ELECTRÓNICOS |
| Identificador Uniforme del Recurso |
<a href="http://10.13.5.2/ve/TC553EIUPA/TC553EIUPA2010-PLANO-DIAGRAMADEFLUJO.pdf">http://10.13.5.2/ve/TC553EIUPA/TC553EIUPA2010-PLANO-DIAGRAMADEFLUJO.pdf</a> |
| Texto de enlace |
DESCARGAR PLANO DE DIAGRAMA DE FLUJO |
| 942 ## - ELEMENTOS DE PUNTO DE ACCESO ADICIONAL (KOHA) |
| Fuente del sistema de clasificación o colocación |
Clasificación Universidad Autónoma de Chapingo |
| 901 ## - ELEMENTOS DE DATOS A LOCAL LDA (RLIN) |
| a |
T.C.553 S99 EIUPA 2010 |
| 902 ## - ELEMENTOS DE DATOS B LOCAL, LDB (RLIN) |
| a |
M |
| 905 ## - ELEMENTOS DE DATOS E LOCAL, LDE (RLIN) |
| a |
5232272010 mx amel8223223322spa16 |
| 942 ## - ELEMENTOS DE PUNTO DE ACCESO ADICIONAL (KOHA) |
| Tipo de ítem Koha |
Viaje de Estudios |